| 000 | 00937nam a22002177a 4500 | ||
|---|---|---|---|
| 003 | OSt | ||
| 005 | 20250918181727.0 | ||
| 008 | 240401b ||||| |||| 00| 0 eng d | ||
| 040 | _c0 | ||
| 082 | _aDPer 621.381 In821 September 2022 v. 37 n. 9 | ||
| 100 |
_aMa, Jianjun. _eauthor. _955658 |
||
| 245 |
_aMonopolar fault reconfiguration of bipolar half bridge converter for reliable load supply in DC distribution system / _cJianjun Ma, Miao Zhu, Yunwei Li, and Xu Cai. |
||
| 260 |
_aNew York ; _bThe Institute of Electrical and Electronics Engineers, Inc. , _cSeptember 2022. |
||
| 300 |
_aVolume 37, pages 11305-11318 : _billustration ; _c28 cm. |
||
| 500 | _aIEEE Transitions on Power Electronics, v. 37 n. 9, pages 11305-11318, September 2022. | ||
| 700 |
_aMa, Jianjun. _eauthor. _955658 |
||
| 700 |
_aZhu, Miao. _eauthor. _955659 |
||
| 700 |
_aLi, Yunwei. _eauthor. _955660 |
||
| 700 |
_aCai, Xu. _eauthor. _955661 |
||
| 942 |
_2ddc _cPER |
||
| 999 |
_c19926 _d19926 |
||